Welcome to CU Library Online Public Access Catalogue (OPAC)

The Medical Interview: Mastering skills for Clinical Practice/ (Record no. 3258)

MARC details
000 -LEADER
fixed length control field 00539nam a22001697a 4500
005 - DATE AND TIME OF LATEST TRANSACTION
control field 20250130145158.0
008 - FIXED-LENGTH DATA ELEMENTS--GENERAL INFORMATION
fixed length control field 250130b |||||||| |||| 00| 0 eng d
020 ## - INTERNATIONAL STANDARD BOOK NUMBER
International Standard Book Number 9780803607712
050 ## - LIBRARY OF CONGRESS CALL NUMBER
Classification number RC65
Item number .C68
100 ## - MAIN ENTRY--PERSONAL NAME
Personal name Coulehan, John L.
245 ## - TITLE STATEMENT
Title The Medical Interview: Mastering skills for Clinical Practice/
Statement of responsibility, etc. John L. Coulehan, Marian R. Block
250 ## - EDITION STATEMENT
Edition statement 4th ed.
260 ## - PUBLICATION, DISTRIBUTION, ETC.
Place of publication, distribution, etc. Philadelphia
Name of publisher, distributor, etc. F. A. Davis Company
Date of publication, distribution, etc. 2001
300 ## - PHYSICAL DESCRIPTION
Extent xxi. 304p.
Other physical details ill. some color
Dimensions 23cm
700 ## - ADDED ENTRY--PERSONAL NAME
Personal name Block, Marian R.
942 ## - ADDED ENTRY ELEMENTS (KOHA)
Source of classification or shelving scheme Library of Congress Classification
Koha item type Books
Edition 4th ed.
Suppress in OPAC No
999 ## -
-- 3258
-- 3258
Holdings
Withdrawn status Lost status Source of classification or shelving scheme Damaged status Not for loan Collection Home library Current library Shelving location Date acquired Total checkouts Full call number Barcode Date last seen Copy number Price effective from Koha item type
    Library of Congress Classification     Non-fiction Science Library (Miotso) Science Library (Miotso) General stacks 01/30/2025   RC65 .C68 COU SLM00002643 01/30/2025 1 01/30/2025 Books
© 2023-2024 Copyright: Central University Libraries. All Rights Reserved | Created by: Mahone Tech Office